| 000 | 00492nam a2200181Ia 4500 | ||
|---|---|---|---|
| 001 | 59978 | ||
| 008 | 080101n ii |||gr||||Z||||||hin | ||
| 082 | _a891.434 | ||
| 100 |
_aShribastav,Puja , _eAuthor. |
||
| 245 | 0 |
_aBharatiya Nari Ka Dharmashastriya Adhyan _cPuja Shribastav _hTextual Documents |
|
| 250 | _aIst ed. | ||
| 260 |
_aKanpur: _bAradhana Badse. |
||
| 300 |
_a212pg: _c23cm. |
||
| 653 | _aHindi literature-Criticism | ||
| 653 | _aHindi | ||
| 653 | _aG-Hindi | ||
| 942 |
_2ddc _cBK |
||
| 999 |
_c59853 _d59853 |
||